Ants at work : (Record no. 1493)

000 -LEADER
fixed length control field 01651nam a22004097a 4500
001 - CONTROL NUMBER
control field 4522725
003 - CONTROL NUMBER IDENTIFIER
control field OSt
005 - DATE AND TIME OF LATEST TRANSACTION
control field 20210423064318.0
008 - FIXED-LENGTH DATA ELEMENTS--GENERAL INFORMATION
fixed length control field 990604s1999 nyua b 001 0 eng
010 ## - LIBRARY OF CONGRESS CONTROL NUMBER
LC control number 99035853
020 ## - INTERNATIONAL STANDARD BOOK NUMBER
International Standard Book Number 0684857332
040 ## - CATALOGING SOURCE
Original cataloging agency DLC
Transcribing agency DLC
Modifying agency DLC
Language of cataloging eng
041 ## - LANGUAGE CODE
Language code of text/sound track or separate title eng
042 ## - AUTHENTICATION CODE
Authentication code pcc
050 00 - LIBRARY OF CONGRESS CALL NUMBER
Classification number QL568.F7
Item number G64 1999
080 ## - UNIVERSAL DECIMAL CLASSIFICATION NUMBER
Universal Decimal Classification number 59
Item number G-65
082 00 - DEWEY DECIMAL CLASSIFICATION NUMBER
Classification number 595.79/6
Edition number 21
100 1# - MAIN ENTRY--PERSONAL NAME
Personal name Gordon, Deborah
Fuller form of name (Deborah M.)
245 10 - TITLE STATEMENT
Title Ants at work :
Remainder of title how an insect society is organized /
Statement of responsibility, etc. / by: The Free Press
260 ## - PUBLICATION, DISTRIBUTION, ETC.
Place of publication, distribution, etc. New York, NY
Name of publisher, distributor, etc. The Free Press
Date of publication, distribution, etc. c1999.
300 ## - PHYSICAL DESCRIPTION
Extent x, 182 p.
Other physical details ill.
Dimensions 23 cm.
365 ## - TRADE PRICE
Price amount 25 usd
504 ## - BIBLIOGRAPHY, ETC. NOTE
Bibliography, etc. note Includes bibliographical references (p. [171]-178).
650 #0 - SUBJECT ADDED ENTRY--TOPICAL TERM
Topical term or geographic name entry element Ants
General subdivision Behavior.
650 #0 - SUBJECT ADDED ENTRY--TOPICAL TERM
Topical term or geographic name entry element Zoology
9 (RLIN) 466
650 #0 - SUBJECT ADDED ENTRY--TOPICAL TERM
Topical term or geographic name entry element Insect societies.
653 ## - INDEX TERM--UNCONTROLLED
Uncontrolled term ზოოლოგია
653 ## - INDEX TERM--UNCONTROLLED
Uncontrolled term ჭიანჭველები
700 ## - ADDED ENTRY--PERSONAL NAME
9 (RLIN) 933
Personal name Schwengel, Michelle
Relator term Illustrator
856 42 - ELECTRONIC LOCATION AND ACCESS
Materials specified Contributor biographical information
Uniform Resource Identifier <a href="http://www.loc.gov/catdir/bios/simon054/99035853.html">http://www.loc.gov/catdir/bios/simon054/99035853.html</a>
856 41 - ELECTRONIC LOCATION AND ACCESS
Materials specified Sample text
Uniform Resource Identifier <a href="http://www.loc.gov/catdir/samples/simon031/99035853.html">http://www.loc.gov/catdir/samples/simon031/99035853.html</a>
856 42 - ELECTRONIC LOCATION AND ACCESS
Materials specified Publisher description
Uniform Resource Identifier <a href="http://www.loc.gov/catdir/description/simon033/99035853.html">http://www.loc.gov/catdir/description/simon033/99035853.html</a>
856 41 - ELECTRONIC LOCATION AND ACCESS
Materials specified Table of contents only
Uniform Resource Identifier <a href="http://www.loc.gov/catdir/enhancements/fy0705/99035853-t.html">http://www.loc.gov/catdir/enhancements/fy0705/99035853-t.html</a>
906 ## - LOCAL DATA ELEMENT F, LDF (RLIN)
a 7
b cbc
c orignew
d 1
e ocip
f 19
g y-gencatlg
942 ## - ADDED ENTRY ELEMENTS (KOHA)
Source of classification or shelving scheme
Koha item type Books
Holdings
Withdrawn status Lost status Source of classification or shelving scheme Damaged status Not for loan Permanent location Current location Date acquired Inventory number Total Checkouts Full call number Barcode Date last seen Price effective from Koha item type
          Ken Walker International University Ken Walker International University 02/17/2021 1304   59 G-65 1304 02/17/2021 02/17/2021 Books

Powered by Koha